Szczegóły MARC21

Podstawy planowania przestrzennego : skrypt dla IV roku ekonomiki produkcji /

003 -Nazwa inst., której nr kontr. jest w polu 001 [,]
    • @
    • Nazwa instytucji, której n kontrolny jest w polu 001
    • NUKAT
005 -DATA I CZAS OSTATNIEJ MODYFIKACJI [,]
    • @
    • pole kontrolne
    • 20241231100910.0
040 -Instytucja sporządzająca opis [ , ]
    • a
    • Instytucja, która sporządziła opis (NP)
    • WA U/JL
    • c
    • Instytucja, która sporządziła rekord (NP)
    • WA U/JL
    • d
    • Instytucja, która zmodyfikowała rekord (P)
    • WA U/BM
942 -Rodzaj dokumentu [ , ]
    • c
    • Rodzaj dokumentu
    • Książka
100 -Hasło główne - nazwa osobowa [1, ]
    • a
    • Nazwa osobowa (NP)
    • Silski, Zygmunt.
    • 9
    • KHW
    • 7904
245 -Strefa tytułu i oznaczenia odpowiedzialności [1,0]
    • a
    • Tytuł
    • Podstawy planowania przestrzennego : Find
    • b
    • Ciąg dalszy tytułu (NP)
    • skrypt dla IV roku ekonomiki produkcji / Find
    • c
    • Pozostałe elementy strefy tytułu i oznaczenia odpowiedzialności (NP)
    • Zygmunt Silski.
260 -Strefa adresu wydawniczego [ , ]
    • a
    • Miejsce wydania (P)
    • Szczecin :
    • b
    • Nazwa wydawcy (P)
    • Wydawnictwo Naukowe Uniwersytetu Szczecińskiego,
    • c
    • Data wydania (P)
    • 1991.
300 -Strefa opisu fizycznego [ , ]
    • a
    • Określenie formy książki i/lub objętość (NP)
    • 310 s. ;
    • c
    • Format (NP)
    • 25 cm.
336 -Typ zawartości [ , ]
    • a
    • Termin opisujący typ zawartości
    • Tekst
    • b
    • Kod określający zawartość
    • txt
    • 2
    • Źródło (terminu i kodu)
    • rdacontent
337 -Typ mediów [ , ]
    • a
    • Tryb odtwarzania
    • Bez urządzenia pośredniczącego
    • b
    • Kod typu mediów
    • n
    • 2
    • Źródło (terminu i kodu)
    • rdamedia
338 -Typ/rodzaj nośnika [ , ]
    • a
    • Hasło opisujące typ nośnika
    • Wolumin
    • b
    • Kod typu nośnika
    • nc
    • 2
    • Źródło (terminu i kodu)
    • rdacarrier
504 -Uwaga dot. bibliogr. załącznikowej [ , ]
    • a
    • Uwaga dot. bibliografii załącznikowej
    • Bibliogr. s. 309-310.
650 -Hasło przedmiotowe [ ,7]
    • a
    • Hasło przedmiotowe
    • Zagospodarowanie przestrzenne
    • z
    • Określnik geograficzny
    • Polska
    • v
    • Określnik formalny
    • podręczniki akademickie.
    • 2
    • Źródło terminu
    • kaba
    • 9
    • KHW
    • 396715
710 -Hasło dodatkowe - nazwa ciała zbiorowego [2, ]
    • a
    • Nazwa ciała zbiorowego lub nazwa geograficzna jako pierwszy element (NP)
    • Uniwersytet Szczeciński.
    • b
    • Nazwa jednostki podrzędnej (P)
    • Wydawnictwo Naukowe.
    • 4
    • Kod relacji
    • pbl
    • 9
    • KHW
    • 51208
Sygnatura Status udost. Numer inwentarzowy Data inwentaryzacji Lokalizacja
 -2E.604661996-10-08BE
 -3S.731951996-10-08BE
 2S.731961996-10-08BE
 2S.731971996-10-08BE
 2S.731981996-10-08BE
 2S.731991996-10-08BE
 2S.732001996-10-08BE
 2S.732011996-10-08BE
 2S.732021996-10-08BE
 2S.732031996-10-08BE
 2S.732041996-10-08BE
 2S.732051996-10-08BE
 2S.732061996-10-08BE
 2S.732071996-10-08BE
 2S.732081996-10-08BE
 2S.732091996-10-08BE
 2S.732101996-10-08BE
 2S.732111996-10-08BE
 2S.732121996-10-08BE
 2S.732131996-10-08BE
 2S.732141996-10-08BE
 2S.732151996-10-08BE
 2S.732161996-10-08BE
 2S.732261996-10-08BE
 2S.732271996-10-08BE
 2S.732281996-10-08BE
 -6S.732291996-10-08BE
 2S.793201996-10-08BE
 -11TS.732171996-10-08T
 -11TS.732181996-10-08T
 -11TS.732191996-10-08T
 -11TS.732201996-10-08T
 -11TS.732211996-10-08T
 -11TS.732221996-10-08T
 -11TS.732231996-10-08T
 -11TS.732241996-10-08T
 -11TS.732251996-10-08T
TS.79321-11TS.793211996-10-08T
 -11TS.732261996-10-08T
 -11TS.732271996-10-08T
 -11TS.732281996-10-08T
 -11TS.732291996-10-08T